| 000 | 00566nam a2200217Ia 4500 | ||
|---|---|---|---|
| 005 | 20250425161736.0 | ||
| 008 | 250425s9999 xx 000 0 und d | ||
| 020 | _a997884015X | ||
| 041 | _aspa | ||
| 043 | _aec | ||
| 082 | _a986.6 | ||
| 100 | _aAYALA MORA, ENRIQUE | ||
| 245 | 0 | _aNUEVA HISTORIA DEL ECUADOR: VOLUMEN 14. CRONOLOGIA COMPARADA DE LA HISTORIA ECUATORIANA | |
| 250 | _a1A ED. | ||
| 260 |
_aEcuador _bCORPORACION EDITORA NACIONAL _c1993 |
||
| 260 | _aQUITO | ||
| 300 | _a334 | ||
| 650 | _aECUADOR-HISTORIA | ||
| 942 | _c01 | ||
| 010 | _a27083 | ||
| 999 |
_c215181 _d215181 |
||